000 00265nam a2200121 i 4500
001 bg
245 0 _a5th Symposium on Powder Metalurgy.
260 _cSeptember 1980.
040 _cBPK
041 _apol
942 _cKS
008 s pl f |000 0 pol
999 _c20635
_d20635
856 _uhttp://koha.tu.koszalin.pl/cgi-bin/koha/opac-detail.pl?biblionumber=20635
_yKatalog online BPK